[Event "Novi Sad TS Mix 236th"]
[Site "Novi Sad"]
[Date "2022.02.12"]
[Round "7.1"]
[White "Bulajic, Ratko"]
[Black "Sarath Chandra, K."]
[Result "1/2-1/2"]
[WhiteElo "2147"]
[BlackElo "1685"]
[PlyCount "20"]
[EventDate "2022.02.08"]
[EventType "schev"]
[EventRounds "9"]
[EventCountry "SRB"]
[SourceTitle "CBM 207 Extra"]
[Source "ChessBase"]
[SourceDate "2022.05.31"]
[SourceVersion "1"]
[SourceVersionDate "2022.05.31"]
[SourceQuality "1"]
[WhiteTeam "Team A"]
[BlackTeam "Team B"]
[WhiteTeamCountry "SRB"]
[BlackTeamCountry "SRB"]

1. d4 d5 2. c4 e6 3. Nc3 Nf6 4. cxd5 exd5 5. Bg5 Be7 6. e3 c6 7. Bd3 Nbd7 8. Nf3 0-0 9. Qc2 Re8 10. 0-0 Nf8 1/2-1/2

[Event "Novi Sad TS Mix 236th"]
[Site "Novi Sad"]
[Date "2022.02.11"]
[Round "6.1"]
[White "Sarath Chandra, K."]
[Black "Haznedaroglu, Meltem"]
[Result "1-0"]
[WhiteElo "1685"]
[BlackElo "1811"]
[PlyCount "77"]
[EventDate "2022.02.08"]
[EventType "schev"]
[EventRounds "9"]
[EventCountry "SRB"]
[SourceTitle "CBM 207 Extra"]
[Source "ChessBase"]
[SourceDate "2022.05.31"]
[SourceVersion "1"]
[SourceVersionDate "2022.05.31"]
[SourceQuality "1"]
[WhiteTeam "Team B"]
[BlackTeam "Team A"]
[WhiteTeamCountry "SRB"]
[BlackTeamCountry "SRB"]

1. d4 Nf6 2. Nf3 g6 3. Nc3 d5 4. Bf4 Bg7 5. e3 0-0 6. Be2 c5 7. dxc5 Qa5 8. Nd2 Qxc5 9. Nb3 Qb6 10. a4 a5 11. Nb5 Na6 12. Be5 Bd7 13. 0-0 Rfc8 14. c3 Bxb5 15. axb5 Nc7 16. Bd4 Qd6 17. Nxa5 Rxa5 18. Rxa5 b6 19. Bxf6 bxa5 20. Bxg7 Kxg7 21. Qa4 Qb6 22. Ra1 Ra8 23. Qd4+ Qxd4 24. exd4 Ne8 25. b3 Nd6 26. c4 dxc4 27. bxc4 a4 28. Bd3 a3 29. c5 Nf5 30. Bxf5 gxf5 31. b6 Ra4 32. Kf1 a2 33. Ke2 Kf6 34. b7 Rb4 35. c6 e5 36. c7 Rb2+ 37. Kd3 e4+ 38. Kc3 Rxb7 39. c8Q 1-0

[Event "Novi Sad TS Mix 236th"]
[Site "Novi Sad"]
[Date "2022.02.10"]
[Round "4.1"]
[White "Sarath Chandra, K."]
[Black "Popchev, Milko"]
[Result "0-1"]
[WhiteElo "1685"]
[BlackElo "2193"]
[PlyCount "74"]
[EventDate "2022.02.08"]
[EventType "schev"]
[EventRounds "9"]
[EventCountry "SRB"]
[SourceTitle "CBM 207 Extra"]
[Source "ChessBase"]
[SourceDate "2022.05.31"]
[SourceVersion "1"]
[SourceVersionDate "2022.05.31"]
[SourceQuality "1"]
[WhiteTeam "Team B"]
[BlackTeam "Team A"]
[WhiteTeamCountry "SRB"]
[BlackTeamCountry "SRB"]

1. d4 c5 2. e3 g6 3. Nf3 Bg7 4. c3 Nf6 5. Be2 0-0 6. 0-0 b6 7. Nbd2 Bb7 8. Re1 d5 9. Ne5 Nbd7 10. f4 Ne8 11. b3 Nd6 12. Bb2 Nf6 13. Bf3 e6 14. c4 cxd4 15. exd4 Nfe4 16. c5 bxc5 17. Bxe4 Nxe4 18. Nxe4 dxe4 19. dxc5 Bd5 20. Bd4 Qc7 21. g3 Rad8 22. Qd2 f6 23. Ng4 e5 24. fxe5 fxe5 25. Be3 Bxb3 26. Qb2 Be6 27. Nf2 Qc6 28. Qc2 Rd7 29. Rad1 Rfd8 30. Rxd7 Rxd7 31. Rb1 Rf7 32. Rd1 Rd7 33. Rb1 Rd8 34. Rb4 Bd5 35. Qa4 Qxa4 36. Rxa4 Rd7 37. Nxe4 Bc6 0-1

[Event "Novi Sad TS Mix 236th"]
[Site "Novi Sad"]
[Date "2022.02.09"]
[Round "3.1"]
[White "Maksimovic, Branimir"]
[Black "Sarath Chandra, K."]
[Result "1/2-1/2"]
[WhiteElo "2277"]
[BlackElo "1685"]
[PlyCount "48"]
[EventDate "2022.02.08"]
[EventType "schev"]
[EventRounds "9"]
[EventCountry "SRB"]
[SourceTitle "CBM 207 Extra"]
[Source "ChessBase"]
[SourceDate "2022.05.31"]
[SourceVersion "1"]
[SourceVersionDate "2022.05.31"]
[SourceQuality "1"]
[WhiteTeam "Team A"]
[BlackTeam "Team B"]
[WhiteTeamCountry "SRB"]
[BlackTeamCountry "SRB"]

1. e4 c6 2. Bc4 d5 3. Bb3 e6 4. d4 dxe4 5. Nc3 Nf6 6. f3 exf3 7. Nxf3 Be7 8. Bg5 0-0 9. Qe2 a5 10. a4 Na6 11. 0-0 Nb4 12. Rad1 h6 13. Bxf6 Bxf6 14. Ne4 Be7 15. c3 Nd5 16. Ne5 Qc7 17. c4 Nf6 18. Bc2 Nxe4 19. Bxe4 b6 20. Nxc6 Bb7 21. Nxe7+ Qxe7 22. Bxb7 Qxb7 23. d5 exd5 24. Rxd5 Rae8 1/2-1/2

[Event "Paracin Orbis FM 02"]
[Site "Paracin"]
[Date "2022.02.05"]
[Round "8"]
[White "Sarath Chandra, K."]
[Black "Harisurya, Bharadwaj Gundepudi"]
[Result "1/2-1/2"]
[WhiteElo "1685"]
[BlackElo "1882"]
[PlyCount "41"]
[EventDate "2022.01.31"]
[EventType "tourn"]
[EventRounds "9"]
[EventCountry "SRB"]
[SourceTitle "EXT 2023"]
[Source "ChessBase"]
[SourceDate "2022.10.05"]
[SourceVersion "1"]
[SourceVersionDate "2022.10.05"]
[SourceQuality "1"]

1. Nf3 d5 2. c4 c6 3. e3 Nf6 4. Nc3 e6 5. b3 Bd6 6. Bb2 0-0 7. d4 Nbd7 8. Bd3 Re8 9. cxd5 exd5 10. 0-0 Nf8 11. Ne2 Bg4 12. Ne5 Bxe2 13. Qxe2 N6d7 14. Nf3 Ng6 15. Bxg6 hxg6 16. a3 Qf6 17. b4 Re6 18. h4 Re4 19. g3 Rae8 20. Ng5 R4e7 21. Qf3 1/2-1/2